000
00287nam a22001337a 4500
008
170825b xxu||||| |||| 00| 0 eng d
020
_a
9781444159196
041
_a
eng
080
_a
070
100
_a
38
101
_a
MED
245
_a
SUCCESSFUL MEETINGS
_c
COTTON,D
942
_2
udc
_c
BK
999
_c
24980
_d
24980